00871nam a2200253Ia 4500003000400000005001700004008004100021020001800062040001800080041000800098082002100106100002900127245003900156250001200195260004300207300002700250650003000277651003500307651002800342651003400370942003000404999001900434952016400453OSt20230922145045.0210716s2009 xx 000 0 und d a9780670082957 cAIMIT LIBRARY aeng a374.22 21bBAGS aBagchi, Subroto.9134670 aProfessional /cBy Subroto Bagchi. a1st ed. aNew York :c2009.bPenguin Portfolio , axxi,217p. ;bPBc20 cm aGeneral Knowledge9134671 aProfessional qualities9134672 aManaging volume9134673 aNew world imperatives9134674 2ddccBKe1stk374.22 BAGS c204746d204746 00102ddc40708MBAaAIMITbAIMITd2010-02-02g399.00iBill no:ABK 438; Bill dt:2009-11l0o374.22 BAGSpMBA07312r2026-05-23 00:00:00v299.25w2021-07-16yBK